000
00256nam a2200133Ia 4500
100
_a
Smith/R.J
942
_c
BK
654
_a
systems
245
_a
Circuits
260
_b
John wiley
_a
New York
_c
1984
300
_a
751
546
_a
ENGLISH
999
_c
22131
_d
22131